000 00485nam a22001697a 4500
999 _c40669
_d40669
003 OSt
005 20200606120106.0
008 191026b ||||| |||| 00| 0 eng d
020 _a9788188917143
040 _cMESKC library
082 _a954
_bGUP/K
100 _aMilan,Ramesh Gupt
_9111
245 _a1857 Ke Krantikaari/
_cDr. Ramesh Gupt Milan
260 _aDelhi:
_bCrown Publications,
_c2013
300 _a160p
942 _2ddc
_cBK
_h954
_iGUP/K
_k954
_mGUP/K